Geometría básica 1 (Registro nro. 1305)
[ vista simple ]
| 000 -CABECERA | |
|---|---|
| Longitud fija campo de control | 01554nam a2200289Ia 4500 |
| 001 - NÚMERO DE CONTROL | |
| Número de control | 367518 |
| 003 - IDENTIFICADOR DEL NÚMERO DE CONTROL | |
| Identificador del número de control | EC-QuCCB |
| 005 - FECHA Y HORA DE LA ÚLTIMA TRANSACCIÓN | |
| Fecha y hora de la última transacción | 20251211111107.0 |
| 007 - CAMPO FIJO DE DESCRIPCIÓN FÍSICA--INFORMACIÓN GENERAL | |
| Campo fijo de descripción física | ta |
| 008 - DATOS DE LONGITUD FIJA--INFORMACIÓN GENERAL | |
| Códigos de información de longitud fija | 130917s1999 ec gr 001 0 spa d |
| 040 ## - FUENTE DE LA CATALOGACIÓN | |
| Centro catalogador de origen | EC-QuCCB |
| 041 0# - CÓDIGO DE LENGUA | |
| Código de lengua del texto;banda sonora o título independiente | spa |
| 082 0# - NÚMERO DE LA CLASIFICACIÓN DECIMAL DEWEY | |
| Número de clasificación | 516 |
| Número de documento | A3451 |
| 100 1# - ENTRADA PRINCIPAL--NOMBRE DE PERSONA | |
| Nombre de persona | Albuja, Ginna, |
| 9 (RLIN) | 30078 |
| 245 10 - MENCIÓN DE TÍTULO | |
| Título | Geometría básica 1 |
| Mención de responsabilidad, etc. | Ginna Albuja, Margarita Santacruz, Patricio Vallejo |
| 250 ## - MENCIÓN DE EDICIÓN | |
| Mención de edición | Tercera edición |
| 260 ## - PUBLICACIÓN, DISTRIBUCIÓN, ETC. (PIE DE IMPRENTA) | |
| Lugar de publicación, distribución, etc. | [Lugar de publicación no identificado] : |
| Nombre del editor, distribuidor, etc. | Gráficas Cobos, |
| Fecha de publicación, distribución, etc. | 1999 |
| 300 ## - DESCRIPCIÓN FÍSICA | |
| Extensión | 200 páginas : |
| Otros detalles físicos | gráficas ; |
| Dimensiones | 21 cm |
| 336 ## - TIPO DE CONTENIDO | |
| Content type term | texto |
| Content type code | txt |
| 337 ## - TIPO DE MEDIO | |
| Media type term | no mediado |
| Media type code | n |
| 338 ## - TIPO DE PORTADOR | |
| Carrier type term | volumen |
| Carrier type code | nc |
| 505 1# - NOTA DE CONTENIDO CON FORMATO | |
| Nota de contenido con formato preestablecido | Capítulo I: Términos definidos-- Sistema de coordenadas lineal -- Axiomas principales -- Postulados principales -- Teoremas -- Clases de teoremas -- Razones y proposiciones -- Segmentos -- Capítulo II: Ángulo conexo -- Ángulo cóncavo -- Clasificación de los ángulos -- Proposiciones de perpendicularidad -- Teoremas -- Capítulo III: Triángulos. Definiciones -- Clasificación de los triángulos -- Puntos y líneas fundamentales del triángulo -- Capítulo IV: Teoremas referentes a ángulos entre líneas fundamentales de un triángulo -- Semejanza de triángulos -- Capítulo V: Propiedades relativas a puntos y líneas fundamentales de un triángulo -- Relaciones métricas en triángulos -- Conceptos trigonométricos básicos ... |
| 650 ## - PUNTO DE ACCESO ADICIONAL DE MATERIA--TÉRMINO DE MATERIA | |
| Nombre de materia o nombre geográfico como elemento de entrada | Geometría |
| 9 (RLIN) | 13003 |
| 700 1# - PUNTO DE ACCESO ADICIONAL--NOMBRE DE PERSONA | |
| Nombre de persona | Santacruz, Margarita, |
| 9 (RLIN) | 30079 |
| Nombre de persona | Vallejo Ayala, Patricio, |
| 9 (RLIN) | 8416 |
| 942 ## - ELEMENTOS DE PUNTO DE ACCESO ADICIONAL (KOHA) | |
| Fuente de clasificaión o esquema | Dewey Decimal Classification |
| Koha [por defecto] tipo de item | Monografía |
| Suprimido | Perdido | Fuente de clasificación o esquema | Estropeado | Restricciones de uso | No se presta | Localización (Biblioteca) | Localización actual | Localización en estanterías | Fecha adquisición | Fuente de adquisición | Préstamos totales | Clasificación completa | Designación de pieza (código de barras) | Fecha última consulta | Número de ejemplar | Fecha del precio de reemplazo | Tipo de item de Koha |
|---|---|---|---|---|---|---|---|---|---|---|---|---|---|---|---|---|---|
| Disponible | Dewey Decimal Classification | Sin daños | Sin restricciones de uso | Disponible para préstamo | Biblioteca CCE - Tungurahua | Biblioteca CCE - Tungurahua | En Col. | 20/10/2008 | Adquisición | 516/A3451 | CCETUN-005587 | 07/01/2016 | Ej.1 | 07/01/2016 | Monografía |























